Diseño de un sistema de gestión de calidad y responsabilidad social en una mediana empresa del campo flexográfico
Na minha lista:
| Autor principal: | |
|---|---|
| Outros Autores: | , , |
| Formato: | Livro |
| Publicado em: |
[San José, Costa Rica]
2005
|
| Assuntos: | |
| Tags: |
Adicionar Tag
Sem tags, seja o primeiro a adicionar uma tag!
|
MARC
| LEADER | 00000nam a2200000Ia 4500 | ||
|---|---|---|---|
| 003 | 009459 | ||
| 005 | 20240116105027.0 | ||
| 008 | 140114s2005 cr a m 000 ||s d | ||
| 040 | |c cru CEDI | ||
| 090 | |a TFG 5000 | ||
| 100 | |a Kümpel Chacón, Michelle, 1981- |9 2188 | ||
| 245 | |a Diseño de un sistema de gestión de calidad y responsabilidad social en una mediana empresa del campo flexográfico | ||
| 260 | |a [San José, Costa Rica] |c 2005 | ||
| 300 | |a 185, [112] hojas : ilustraciones (algunas a color) | ||
| 500 | |a Proyecto de graduación (licenciatura en ingeniería industrial)--Universidad de Costa Rica. Facultad de Ingeniería. Escuela de Ingeniería Industrial | ||
| 501 | |a Director de Proyecto de Graduación: Ing. José Francisco Roig | ||
| 650 | |x CALIDAD TOTAL |x CONTROL DE PROCESOS |x CONTROL DE CALIDAD |x RESPONSABILIDAD SOCIAL DE LAS EMPRESAS |x INVESTIGACIONES |9 6167 | ||
| 700 | |9 6165 |a Montero Rodríguez, Gerardo | ||
| 700 | |a Retana Gamboa, Roy, 1979- |9 2189 | ||
| 700 | |a Roig Zamora, José Francisco, 1978- |d Director del TFG |9 311 | ||
| 942 | |c TFG |h TFG 5000 |i 009459 |6 TFG_5000_009459000000000 | ||
| 999 | |c 17423 |d 17423 | ||
